[Event "Plzen op 11th"]
[Site "Plzen"]
[Date "2023.03.11"]
[Round "9"]
[White "Levitan, Judah Nathan"]
[Black "Bergerhoff, Andreas"]
[Result "1/2-1/2"]
[WhiteElo "1733"]
[BlackElo "2016"]
[PlyCount "69"]
[EventDate "2023.03.04"]
[EventType "swiss"]
[EventRounds "9"]
[EventCountry "CZE"]
[SourceTitle "CBM 213 Extra"]
[Source "ChessBase"]
[SourceDate "2023.05.31"]
[SourceVersion "1"]
[SourceVersionDate "2023.05.31"]
[SourceQuality "1"]

1. e4 c5 2. Nf3 e6 3. d4 cxd4 4. Nxd4 a6 5. Nc3 Qc7 6. Bd3 Nf6 7. 0-0 b5 8. Re1 Bb7 9. Bg5 b4 10. Na4 Qa5 11. Bxf6 gxf6 12. c3 Nc6 13. Bc2 Rg8 14. Re3 Nxd4 15. cxd4 Rc8 16. b3 Bd6 17. Bd3 Qg5 18. Bf1 Rg6 19. g3 h5 20. Bg2 h4 21. Nb6 hxg3 22. hxg3 Rc3 23. Nc4 Bb8 24. Qe1 Rxe3 25. Qxe3 f5 26. Qxg5 Rxg5 27. e5 Bxg2 28. Kxg2 f4 29. Rh1 Rg8 30. Rh7 fxg3 31. fxg3 Ke7 32. Kf3 Rf8 33. Ke4 d5+ 34. exd6+ Bxd6 35. g4 1/2-1/2

[Event "World ol U16"]
[Site "Nakhchivan"]
[Date "2022.10.10"]
[Round "9.15"]
[White "Arkadan, Adib"]
[Black "Levitan, Judah Nathan"]
[Result "1-0"]
[WhiteElo "1884"]
[BlackElo "1725"]
[PlyCount "181"]
[EventDate "2022.10.02"]
[EventType "team-swiss"]
[EventRounds "9"]
[EventCountry "AZE"]
[SourceTitle "CBM 210 Extra"]
[Source "ChessBase"]
[SourceDate "2022.11.30"]
[SourceVersion "1"]
[SourceVersionDate "2022.11.30"]
[SourceQuality "1"]
[WhiteTeam "Lebanon"]
[BlackTeam "South Africa II"]
[WhiteTeamCountry "LBN"]
[BlackTeamCountry "RSA"]

1. Nf3 c5 2. b3 e6 3. Bb2 Nf6 4. g3 b6 5. Bg2 Bb7 6. 0-0 d5 7. d3 Be7 8. Nbd2 0-0 9. Re1 Qc7 10. e4 dxe4 11. dxe4 Nc6 12. e5 Nd7 13. Qe2 Rfd8 14. h4 a6 15. c4 b5 16. Rac1 Nb6 17. a3 b4 18. a4 Na5 19. Rb1 Rd7 20. Bc1 Rad8 21. Qe3 Qc8 22. Bf1 Qa8 23. Be2 h6 24. Kh2 Bf8 25. h5 Nc8 26. g4 g6 27. g5 Ne7 28. Qf4 Nf5 29. Qg4 Rd4 30. Nxd4 Rxd4 31. f4 gxh5 32. Qh3 Rxf4 33. Nf3 Rg4 34. Rg1 Rxg1 35. Nxg1 Bg7 36. Nf3 Bxf3 37. Qxf3 Bxe5+ 38. Kh3 Qd8 39. Bd3 hxg5 40. Bxf5 exf5 41. Qxf5 g4+ 42. Kg2 Qa8+ 43. Kg1 Qd8 44. Be3 Bd4 45. Re1 Nxb3 46. Qf2 h4 47. Kh1 g3 48. Qf3 Bxe3 49. Rxe3 Qd7 50. Kg2 Nd4 51. Qh5 Nf5 52. Re2 Ng7 53. Qxh4 Qd3 54. Qg4 f5 55. Qf3 Qxf3+ 56. Kxf3 Kf7 57. Re5 Ne6 58. Rxf5+ Ke7 59. Kxg3 Kd6 60. Kf2 b3 61. Ke3 Nd4 62. Rf6+ Kc7 63. Kd3 b2 64. Rf1 Kb6 65. Rb1 Ka5 66. Rxb2 Nc6 67. Kc3 Nb4 68. Rb1 Na2+ 69. Kb3 Nb4 70. Rh1 Kb6 71. Rh2 a5 72. Kc3 Kc6 73. Kd2 Kb7 74. Ke3 Kc6 75. Ke4 Kd6 76. Rh6+ Kc7 77. Ke5 Kb7 78. Kd6 Nd3 79. Rh3 Nf4 80. Rb3+ Ka6 81. Kxc5 Ne6+ 82. Kd5 Nf4+ 83. Kc6 Ne6 84. Rb6+ Ka7 85. Kb5 Nf4 86. Kxa5 Nd3 87. Rh6 Ne5 88. Kb5 Kb7 89. Rh7+ Ka8 90. c5 Nf3 91. Kb6 1-0

[Event "World ol U16"]
[Site "Nakhchivan"]
[Date "2022.10.09"]
[Round "8.13"]
[White "Wiratunga, Jenith"]
[Black "Levitan, Judah Nathan"]
[Result "1-0"]
[WhiteElo "1741"]
[BlackElo "1725"]
[PlyCount "84"]
[EventDate "2022.10.02"]
[EventType "team-swiss"]
[EventRounds "9"]
[EventCountry "AZE"]
[SourceTitle "CBM 210 Extra"]
[Source "ChessBase"]
[SourceDate "2022.11.30"]
[SourceVersion "1"]
[SourceVersionDate "2022.11.30"]
[SourceQuality "1"]
[WhiteTeam "Sri Lanka"]
[BlackTeam "South Africa II"]
[WhiteTeamCountry "SRI"]
[BlackTeamCountry "RSA"]

1. Nf3 d5 2. c4 e6 3. b3 Nf6 4. g3 c5 5. Bg2 Nc6 6. 0-0 Be7 7. e3 0-0 8. Bb2 Qc7 9. Qe2 Rd8 10. cxd5 exd5 11. d4 cxd4 12. Nxd4 Nxd4 13. Bxd4 Bf5 14. Nc3 Qa5 15. a3 Rd7 16. b4 Qd8 17. Rfd1 Rc8 18. Ra2 Ne4 19. Nxe4 dxe4 20. Rad2 h6 21. h3 b6 22. Kh2 Bf6 23. Qb5 Rxd4 24. Rxd4 Bxd4 25. Qxf5 g6 26. Qxe4 Qf6 27. exd4 a5 28. Qf3 Qe7 29. bxa5 bxa5 30. d5 Qd6 31. Rd3 g5 32. Qf5 Rc1 33. Re3 Kf8 34. Qh7 Qf6 35. Rf3 Qg7 36. Qxg7+ Kxg7 37. Rd3 Rc8 38. d6 Kf8 39. d7 Rd8 40. Bc6 Ke7 41. Re3+ Kd6 42. Re8 Kc7 1-0

[Event "World ol U16"]
[Site "Nakhchivan"]
[Date "2022.10.06"]
[Round "5.15"]
[White "Chang, Sebastian"]
[Black "Levitan, Judah Nathan"]
[Result "0-1"]
[WhiteElo "1430"]
[BlackElo "1725"]
[PlyCount "118"]
[EventDate "2022.10.02"]
[EventType "team-swiss"]
[EventRounds "9"]
[EventCountry "AZE"]
[SourceTitle "CBM 210 Extra"]
[Source "ChessBase"]
[SourceDate "2022.11.30"]
[SourceVersion "1"]
[SourceVersionDate "2022.11.30"]
[SourceQuality "1"]
[WhiteTeam "South Africa III"]
[BlackTeam "South Africa II"]
[WhiteTeamCountry "RSA"]
[BlackTeamCountry "RSA"]

1. e4 e5 2. Nf3 Nc6 3. Bc4 Bc5 4. c3 Nf6 5. d4 exd4 6. cxd4 Bb4+ 7. Nc3 Nxe4 8. 0-0 Bxc3 9. bxc3 d5 10. Bb5 0-0 11. Bxc6 bxc6 12. Qd3 a5 13. Re1 Ba6 14. Qe3 Re8 15. Ba3 f6 16. Nh4 Qd7 17. h3 Nd6 18. Qg3 Nc4 19. Bc5 Nb2 20. Ba3 Nc4 21. Bc5 Nd6 22. Bxd6 cxd6 23. Qf3 Rxe1+ 24. Rxe1 Re8 25. Rxe8+ Qxe8 26. Nf5 Qd7 27. Qf4 g5 28. Qg4 Kf8 29. Ne3 Qxg4 30. hxg4 Bd3 31. g3 Ke7 32. f4 h6 33. a4 Ke6 34. f5+ Kd7 35. Kf2 Kc7 36. Ke1 Bc4 37. Nd1 Bb3 38. Nb2 Kb6 39. Kd2 Ka6 40. Ke3 Kb6 41. Kd2 Kc7 42. Ke1 Kd7 43. Kd2 Ke7 44. Ke3 Kf7 45. Kf2 Kg7 46. Kg2 Bc2 47. Kf3 h5 48. gxh5 Bxf5 49. g4 Bc2 50. Kg3 Kh6 51. Kf3 f5 52. gxf5 Bxf5 53. Kg3 Kxh5 54. Nd1 Bc2 55. Nb2 g4 56. Kg2 Kh4 57. Kh2 g3+ 58. Kg2 Kg4 59. Kh1 Kf3 0-1

[Event "World ol U16"]
[Site "Nakhchivan"]
[Date "2022.10.03"]
[Round "2.15"]
[White "Levitan, Judah Nathan"]
[Black "Davudov, Tunar"]
[Result "0-1"]
[WhiteElo "1725"]
[BlackElo "1868"]
[PlyCount "120"]
[EventDate "2022.10.02"]
[EventType "team-swiss"]
[EventRounds "9"]
[EventCountry "AZE"]
[SourceTitle "CBM 210 Extra"]
[Source "ChessBase"]
[SourceDate "2022.11.30"]
[SourceVersion "1"]
[SourceVersionDate "2022.11.30"]
[SourceQuality "1"]
[WhiteTeam "South Africa II"]
[BlackTeam "Azerbaijan IV"]
[WhiteTeamCountry "RSA"]
[BlackTeamCountry "AZE"]

1. d4 d5 2. Bf4 Nf6 3. e3 e6 4. Nd2 Bd6 5. Ngf3 0-0 6. Bd3 c5 7. c3 Nc6 8. Bg3 b6 9. e4 dxe4 10. Nxe4 Nxe4 11. Bxe4 Bb7 12. dxc5 Bxc5 13. Qa4 Rc8 14. Rd1 Qe7 15. b4 Nxb4 16. Bxb7 Qxb7 17. cxb4 Qe4+ 18. Kf1 a5 19. Ne5 Bxb4 20. a3 Rc2 21. Qb5 Rd2 22. Re1 Qxe1+ 23. Kxe1 Rd5+ 24. Qxb4 axb4 25. Nc6 Rc5 26. Ne7+ Kh8 27. Ke2 bxa3 28. Bd6 Rc2+ 29. Kd3 Rxf2 30. Ke3 Rxg2 31. Ng6+ hxg6 32. Bxf8 a2 33. Bd6 b5 34. Kd3 b4 35. Kc4 Rb2 36. Ra1 b3 37. Be5 Rb1 38. Kb4 f6 39. Bc3 e5 40. Kc4 e4 41. Kd4 b2 42. Bxb2 Rxb2 43. Kxe4 Rxh2 44. Kf4 Kh7 45. Kg3 Rb2 46. Kf4 g5+ 47. Ke4 Kg6 48. Ke3 f5 49. Kf3 g4+ 50. Kf4 Rf2+ 51. Kg3 Rf3+ 52. Kg2 Ra3 53. Kf2 f4 54. Kg2 Kg5 55. Kf2 g3+ 56. Kg2 Kg4 57. Kg1 f3 58. Kf1 Rb3 59. Rd1 Rb1 60. Re1 a1Q 0-1

[Event "World ol U16"]
[Site "Nakhchivan"]
[Date "2022.10.02"]
[Round "1.15"]
[White "Manon, Reja Neer"]
[Black "Levitan, Judah Nathan"]
[Result "1-0"]
[WhiteElo "2107"]
[BlackElo "1725"]
[PlyCount "99"]
[EventDate "2022.10.02"]
[EventType "team-swiss"]
[EventRounds "9"]
[EventCountry "AZE"]
[SourceTitle "CBM 210 Extra"]
[Source "ChessBase"]
[SourceDate "2022.11.30"]
[SourceVersion "1"]
[SourceVersionDate "2022.11.30"]
[SourceQuality "1"]
[WhiteTeam "Bangladesh"]
[BlackTeam "South Africa II"]
[WhiteTeamCountry "BAN"]
[BlackTeamCountry "RSA"]

1. e4 c5 2. Nf3 e6 3. d4 cxd4 4. Nxd4 a6 5. c4 Nf6 6. Nc3 Qc7 7. Be2 Bb4 8. Nc2 Bxc3+ 9. bxc3 Qe5 10. 0-0 0-0 11. Ba3 Re8 12. Bd6 Qxe4 13. Re1 Qc6 14. Bf3 Qb6 15. c5 Qd8 16. Na3 Nc6 17. Nc4 h6 18. Nb6 Ra7 19. Qd2 Nh7 20. g3 Ng5 21. Bg2 f6 22. Rad1 Nf7 23. Qb2 Nxd6 24. cxd6 a5 25. a4 Ra6 26. Rb1 Ra7 27. f4 f5 28. Qf2 Ra6 29. Bf1 Ra7 30. Bb5 Ra6 31. Bxa6 bxa6 32. Nc4 Qf6 33. Ne5 Nxe5 34. Rxe5 g5 35. Rb8 Kf7 36. Rc5 e5 37. fxe5 Rxe5 38. Rbxc8 Qxd6 39. Rxe5 Qxe5 40. Rc5 d5 41. c4 Qe4 42. Rxd5 f4 43. Rd4 Qb1+ 44. Kg2 Qb7+ 45. Rd5 Qe7 46. gxf4 Qe4+ 47. Qf3 Qc2+ 48. Kg3 g4 49. Qd3 Qc1 50. Qf5+ 1-0

[Event "Budapes FS07 Nadassy"]
[Site "Budapest"]
[Date "2021.07.12"]
[Round "9.4"]
[White "Farago, Sandor"]
[Black "Levitan, Judah Nathan"]
[Result "1-0"]
[WhiteElo "2126"]
[BlackElo "1314"]
[PlyCount "67"]
[EventDate "2021.07.03"]
[EventType "schev"]
[EventRounds "14"]
[EventCountry "HUN"]
[SourceTitle "EXT 2022"]
[Source "ChessBase"]
[SourceDate "2021.10.06"]
[SourceVersion "1"]
[SourceVersionDate "2021.10.06"]
[SourceQuality "1"]
[WhiteTeam "Team A"]
[BlackTeam "Team B"]
[WhiteTeamCountry "HUN"]
[BlackTeamCountry "IND"]

1. Nf3 d5 2. c4 e6 3. b3 Nf6 4. Bb2 c5 5. g3 Nc6 6. Bg2 Be7 7. 0-0 0-0 8. d3 b6 9. Nbd2 Bb7 10. a3 Qc7 11. e3 Rfd8 12. Qe2 Rd7 13. cxd5 Rxd5 14. d4 cxd4 15. exd4 Rad8 16. b4 a5 17. b5 Na7 18. Rfc1 Qd7 19. a4 Nxb5 20. axb5 Qxb5 21. Nc4 Rc8 22. Nfe5 Ba6 23. Bf1 Qe8 24. Qf3 Bxc4 25. Bxc4 Rd6 26. Qe2 Nd5 27. Bb5 Rxc1+ 28. Rxc1 Qf8 29. Nc6 Bg5 30. f4 Bxf4 31. gxf4 Nxf4 32. Qf3 Rd5 33. Qxf4 Rxb5 34. Ne7+ 1-0

[Event "Budapes FS07 Nadassy"]
[Site "Budapest"]
[Date "2021.07.11"]
[Round "8.5"]
[White "Levitan, Judah Nathan"]
[Black "Mayer, Istvan"]
[Result "0-1"]
[WhiteElo "1314"]
[BlackElo "1828"]
[PlyCount "64"]
[EventDate "2021.07.03"]
[EventType "schev"]
[EventRounds "14"]
[EventCountry "HUN"]
[SourceTitle "EXT 2022"]
[Source "ChessBase"]
[SourceDate "2021.10.06"]
[SourceVersion "1"]
[SourceVersionDate "2021.10.06"]
[SourceQuality "1"]
[WhiteTeam "Team B"]
[BlackTeam "Team A"]
[WhiteTeamCountry "IND"]
[BlackTeamCountry "HUN"]

1. d4 e5 2. dxe5 Nc6 3. Bf4 Qe7 4. Nc3 Nxe5 5. Bxe5 Qxe5 6. Nf3 Qa5 7. a3 c6 8. e4 d6 9. Bc4 Nf6 10. 0-0 Be7 11. b4 Qc7 12. Re1 0-0 13. Qe2 Ng4 14. b5 Bf6 15. e5 Nxe5 16. Nxe5 Bxe5 17. Qf3 d5 18. Bd3 Bxc3 19. Bxh7+ Kxh7 20. Qxc3 Bf5 21. Re5 Bg6 22. Rae1 Qc8 23. f4 cxb5 24. Qf3 Be4 25. Rh5+ Kg8 26. Qg3 Qc5+ 27. Kh1 Rae8 28. Qh4 f6 29. f5 Qxc2 30. Rh8+ Kf7 31. Rxf8+ Rxf8 32. Qh5+ Kg8 0-1

[Event "Budapes FS07 Nadassy"]
[Site "Budapest"]
[Date "2021.07.10"]
[Round "7.6"]
[White "Poor, Sandor"]
[Black "Levitan, Judah Nathan"]
[Result "1-0"]
[WhiteElo "1986"]
[BlackElo "1314"]
[PlyCount "107"]
[EventDate "2021.07.03"]
[EventType "schev"]
[EventRounds "14"]
[EventCountry "HUN"]
[SourceTitle "EXT 2022"]
[Source "ChessBase"]
[SourceDate "2021.10.06"]
[SourceVersion "1"]
[SourceVersionDate "2021.10.06"]
[SourceQuality "1"]
[WhiteTeam "Team A"]
[BlackTeam "Team B"]
[WhiteTeamCountry "HUN"]
[BlackTeamCountry "IND"]

1. d4 d5 2. c4 e6 3. Nc3 a6 4. cxd5 exd5 5. Nf3 Nf6 6. Bg5 Be6 7. e3 Bd6 8. Be2 0-0 9. 0-0 Nbd7 10. a3 c6 11. Bh4 Qc7 12. Bg3 h6 13. Rc1 Bxg3 14. hxg3 Bg4 15. Qc2 Qd6 16. Bd3 Rfe8 17. Rfe1 Re7 18. Nh2 Bh5 19. Bf5 Nf8 20. Na4 Bg6 21. Bxg6 Nxg6 22. Nc5 Ne4 23. Nxe4 Rxe4 24. Nf3 Rae8 25. Nd2 R4e7 26. Qf5 Qe6 27. Qh3 Qxh3 28. gxh3 Nf8 29. a4 g5 30. Nf3 Kg7 31. b4 f5 32. Kf1 f4 33. exf4 Rxe1+ 34. Rxe1 Rxe1+ 35. Kxe1 gxf4 36. Kd2 fxg3 37. fxg3 Ne6 38. Ke3 Kf6 39. a5 Ng5 40. Nxg5 Kxg5 41. Kf3 Kf5 42. g4+ Kg5 43. Kg3 Kf6 44. Kf4 Ke6 45. h4 Kf6 46. g5+ hxg5+ 47. hxg5+ Kg6 48. Kg4 Kg7 49. Kf5 Kf7 50. g6+ Kg7 51. Kg5 Kg8 52. Kf6 Kf8 53. g7+ Kg8 54. Kg6 1-0

[Event "Budapes FS07 Nadassy"]
[Site "Budapest"]
[Date "2021.07.09"]
[Round "6.7"]
[White "Levitan, Judah Nathan"]
[Black "Demjen, Attila"]
[Result "1-0"]
[WhiteElo "1314"]
[BlackElo "1861"]
[PlyCount "45"]
[EventDate "2021.07.03"]
[EventType "schev"]
[EventRounds "14"]
[EventCountry "HUN"]
[SourceTitle "EXT 2022"]
[Source "ChessBase"]
[SourceDate "2021.10.06"]
[SourceVersion "1"]
[SourceVersionDate "2021.10.06"]
[SourceQuality "1"]
[WhiteTeam "Team B"]
[BlackTeam "Team A"]
[WhiteTeamCountry "IND"]
[BlackTeamCountry "HUN"]

1. d4 Nf6 2. Bf4 d6 3. Nc3 Nbd7 4. e4 h6 5. e5 Nh7 6. e6 Ndf6 7. exf7+ Kxf7 8. Bc4+ e6 9. Nf3 g5 10. Bg3 Bg7 11. 0-0 Re8 12. Re1 g4 13. Nh4 d5 14. Bd3 Kg8 15. Ng6 c6 16. Ne5 Ng5 17. Bh4 Qd6 18. Bxg5 hxg5 19. Nxg4 Nxg4 20. Qxg4 e5 21. Qh5 Rf8 22. Bh7+ Kh8 23. Bg6+ 1-0

[Event "Wch FIDE Online U10 Africa qual"]
[Site "Tornelo INT"]
[Date "2020.11.28"]
[Round "2"]
[White "Levitan, Judah Nathan"]
[Black "Hossam Mohamed, Adham"]
[Result "1/2-1/2"]
[WhiteElo "1294"]
[BlackElo "1258"]
[PlyCount "149"]
[EventDate "2020.11.28"]
[EventType "swiss (rapid)"]
[EventRounds "7"]
[EventCountry "ISS"]
[SourceTitle "EXT 2022"]
[Source "ChessBase"]
[SourceDate "2021.10.06"]
[SourceVersion "1"]
[SourceVersionDate "2021.10.06"]
[SourceQuality "1"]

1. e4 e5 2. Nf3 Nc6 3. Bb5 a6 4. Ba4 Nf6 5. Qe2 b5 6. Bb3 Be7 7. c3 d6 8. 0-0 0-0 9. Rd1 Bg4 10. h3 Bh5 11. d3 Qd7 12. Nbd2 Na5 13. Bc2 c5 14. Nf1 Nc6 15. Ng3 Bg6 16. Nh4 Rad8 17. Ngf5 Bxf5 18. Nxf5 Rfe8 19. a4 Bf8 20. Bg5 Qe6 21. Bb1 Ne7 22. Ba2 d5 23. Qf3 Nxf5 24. exf5 Qd6 25. Bxf6 gxf6 26. axb5 axb5 27. Bb3 Re7 28. g4 Bh6 29. Kh1 Kh8 30. Rg1 Bg5 31. Rg2 e4 32. dxe4 dxe4 33. Qe2 c4 34. Rd1 Qc7 35. Rxd8+ Qxd8 36. Bc2 Qd2 37. Qxd2 Bxd2 38. Rg1 e3 39. fxe3 Rxe3 40. Rd1 Re2 41. Be4 Bf4 42. Bg2 Rxb2 43. Bd5 Rh2+ 44. Kg1 Rxh3 45. Bxf7 Rd3 46. Rxd3 cxd3 47. Kf1 Kg7 48. Be8 Kh6 49. Bxb5 Kg5 50. Bxd3 Kxg4 51. c4 h5 52. Kg2 h4 53. c5 h3+ 54. Kf2 Bg3+ 55. Kg1 h2+ 56. Kh1 Kf4 57. c6 Ke3 58. Bb1 Kd4 59. Kg2 Kc5 60. Be4 Be5 61. Kh3 Kd4 62. Bh1 Ke3 63. Kg4 Kf2 64. Kh5 Kg1 65. Bd5 h1Q+ 66. Bxh1 Kxh1 67. Kg6 Kg2 68. c7 Bxc7 69. Kxf6 Ba5 70. Kg7 Bb4 71. f6 Kf3 72. f7 Kf4 73. Kf6 Ke4 74. Ke6 Kf4 75. Kf6 1/2-1/2